COMPLETING THE WORLD TRADING SYSTEM (Record no. 15778)

MARC details
000 -LEADER
fixed length control field 00385nam a22001577a 4500
003 - CONTROL NUMBER IDENTIFIER
control field OSt
005 - DATE AND TIME OF LATEST TRANSACTION
control field 20211029100708.0
008 - FIXED-LENGTH DATA ELEMENTS--GENERAL INFORMATION
fixed length control field 211029b |||||||| |||| 00| 0 eng d
020 ## - INTERNATIONAL STANDARD BOOK NUMBER
International Standard Book Number 9041193022
040 ## - CATALOGING SOURCE
Original cataloging agency HU
Transcribing agency DDC
082 ## - DEWEY DECIMAL CLASSIFICATION NUMBER
Classification number 382.92/WAT
245 ## - TITLE STATEMENT
Title COMPLETING THE WORLD TRADING SYSTEM
260 ## - PUBLICATION, DISTRIBUTION, ETC.
Place of publication, distribution, etc. CANADA
Name of publisher, distributor, etc. KLUWER LAW
Date of publication, distribution, etc. 1999
300 ## - PHYSICAL DESCRIPTION
Extent xxvi,421P,22CM
942 ## - ADDED ENTRY ELEMENTS (KOHA)
Source of classification or shelving scheme Dewey Decimal Classification
Koha item type Books like text book referance book
Suppress in OPAC No
Holdings
Withdrawn status Lost status Source of classification or shelving scheme Damaged status Not for loan Home library Current library Shelving location Date acquired Total Checkouts Full call number Barcode Date last seen Copy number Price effective from Koha item type
    Dewey Decimal Classification     Law & Governance lLbrary Law & Governance lLbrary General Stacks 10/29/2021   382.92/WAT LGCLIB0001763 10/29/2021 C1 10/29/2021 Books like text book referance book
    Dewey Decimal Classification     Law & Governance lLbrary Law & Governance lLbrary General Stacks 10/29/2021   382.92/WAT LGCLIB0001764 10/29/2021 C2 10/29/2021 Books like text book referance book
    Dewey Decimal Classification     Law & Governance lLbrary Law & Governance lLbrary General Stacks 10/29/2021   382.92/WAT LGCLIB0001765 10/29/2021 C3 10/29/2021 Books like text book referance book
    Dewey Decimal Classification     Law & Governance lLbrary Law & Governance lLbrary General Stacks 10/29/2021   382.92/WAT LGCLIB0001766 10/29/2021 C4 10/29/2021 Books like text book referance book
    Dewey Decimal Classification     Law & Governance lLbrary Law & Governance lLbrary General Stacks 10/29/2021   382.92/WAT LGCLIB0001767 10/29/2021 C5 10/29/2021 Books like text book referance book
    Dewey Decimal Classification     Law & Governance lLbrary Law & Governance lLbrary General Stacks 10/29/2021   382.92/WAT LGCLIB0001768 10/29/2021 C6 10/29/2021 Books like text book referance book
    Dewey Decimal Classification     Law & Governance lLbrary Law & Governance lLbrary General Stacks 10/29/2021   382.92/WAT LGCLIB0003603 10/29/2021 C7 10/29/2021 Books like text book referance book